000 00219nam a22000857a 4500
008 161115b xxu||||| |||| 00| 0 eng d
100 _91208
_aOrlev. V
245 _aGranny knits
260 _aNew delhi
_bNational book trust
_c2006
999 _c3899
_d3899